000 00205 a2200097 4500
001 11918
100 _aRichards, P.G.
245 _aThe back benchers
260 _a
_bFaber & Faber
_c
090 _c9172
_d9172
942 _aNUST-CAE
_cM
_c36014
999 _c246991
_d246991